<?xml version="1.0" encoding="UTF-8"?>
<record
    xmlns:xsi="http://www.w3.org/2001/XMLSchema-instance"
    xsi:schemaLocation="http://www.loc.gov/MARC21/slim http://www.loc.gov/standards/marcxml/schema/MARC21slim.xsd"
    xmlns="http://www.loc.gov/MARC21/slim">

  <leader>05575namaa22004211i 4500</leader>
  <controlfield tag="003">EG-GICUC</controlfield>
  <controlfield tag="005">20260422111459.0</controlfield>
  <controlfield tag="008">260407s2025    ua a|||frm||| 000 0 eng d</controlfield>
  <datafield tag="040" ind1=" " ind2=" ">
    <subfield code="a">EG-GICUC</subfield>
    <subfield code="b">eng</subfield>
    <subfield code="c">EG-GICUC</subfield>
    <subfield code="d">EG-GICUC</subfield>
    <subfield code="e">rda</subfield>
  </datafield>
  <datafield tag="041" ind1="0" ind2=" ">
    <subfield code="a">eng</subfield>
    <subfield code="b">eng</subfield>
    <subfield code="b">ara</subfield>
  </datafield>
  <datafield tag="049" ind1=" " ind2=" ">
    <subfield code="a">Deposit</subfield>
  </datafield>
  <datafield tag="082" ind1="0" ind2="4">
    <subfield code="a">428.1</subfield>
  </datafield>
  <datafield tag="092" ind1=" " ind2=" ">
    <subfield code="a">428.1</subfield>
    <subfield code="2">21</subfield>
  </datafield>
  <datafield tag="097" ind1=" " ind2=" ">
    <subfield code="a">M.A</subfield>
  </datafield>
  <datafield tag="099" ind1=" " ind2=" ">
    <subfield code="a">Cai01.02.12.M.A.2025.Ma.C</subfield>
  </datafield>
  <datafield tag="100" ind1="0" ind2=" ">
    <subfield code="a">Maryam Ibrahim Eldesouky Mohamed Abdelrazik, </subfield>
    <subfield code="e">preparation.</subfield>
  </datafield>
  <datafield tag="245" ind1="1" ind2="0">
    <subfield code="a">Code-switching and identity enactment in egyptian talk shows :  </subfield>
    <subfield code="b">an indexicality and stance-based approach /</subfield>
    <subfield code="c">by Maryam Ibrahim Eldesouky Mohamed Abdelrazik ; Supervised Dr. Amira Agameya. </subfield>
  </datafield>
  <datafield tag="246" ind1="1" ind2="5">
    <subfield code="a">&#x627;&#x644;&#x62A;&#x646;&#x627;&#x648;&#x628; &#x627;&#x644;&#x644;&#x63A;&#x648;&#x64A; &#x648;&#x62A;&#x645;&#x62B;&#x64A;&#x644; &#x627;&#x644;&#x647;&#x648;&#x64A;&#x629; &#x641;&#x64A; &#x627;&#x644;&#x628;&#x631;&#x627;&#x645;&#x62C; &#x627;&#x644;&#x62D;&#x648;&#x627;&#x631;&#x64A;&#x629; &#x627;&#x644;&#x645;&#x635;&#x631;&#x64A;&#x629; : </subfield>
    <subfield code="b">&#x62F;&#x631;&#x627;&#x633;&#x629; &#x645;&#x624;&#x634;&#x631;&#x64A;&#x629; &#x648;&#x645;&#x648;&#x642;&#x641;&#x64A;&#x629;</subfield>
  </datafield>
  <datafield tag="264" ind1=" " ind2="0">
    <subfield code="c">2025.</subfield>
  </datafield>
  <datafield tag="300" ind1=" " ind2=" ">
    <subfield code="a">117 pages : </subfield>
    <subfield code="b">illustrations ;</subfield>
    <subfield code="c">25 cm. + </subfield>
    <subfield code="e">CD.</subfield>
  </datafield>
  <datafield tag="336" ind1=" " ind2=" ">
    <subfield code="a">text</subfield>
    <subfield code="2">rda content</subfield>
  </datafield>
  <datafield tag="337" ind1=" " ind2=" ">
    <subfield code="a">Unmediated</subfield>
    <subfield code="2">rdamedia</subfield>
  </datafield>
  <datafield tag="338" ind1=" " ind2=" ">
    <subfield code="a">volume</subfield>
    <subfield code="2">rdacarrier</subfield>
  </datafield>
  <datafield tag="502" ind1=" " ind2=" ">
    <subfield code="a">Thesis (M.A)-Cairo University, 2025.</subfield>
  </datafield>
  <datafield tag="504" ind1=" " ind2=" ">
    <subfield code="a">Bibliography: pages 112-117.</subfield>
  </datafield>
  <datafield tag="520" ind1=" " ind2="3">
    <subfield code="a">The motivations for code-switching have long piqued the curiosity of researchers. This study 
aimed to examine code-switching as a tool of identity enactment and positioning in the 
unscripted discourse of Egyptians in the Egyptian talk show, Heya w Bas. The theory of 
indexicality was employed to uncover the indexes of English, Standard Arabic, and Egyptian 
Colloquial Arabic (ECA) in the discourse of different speakers. Stance theory was used to 
identify the stances taken through the interlocutors&#x2019; choice of code in relation to self and other 
identity. Analysis was conducted using Du Bois&#x2019; Stance Triangle (2007) and Silverstein&#x2019;s 
Indexical Orders (2003), supported by structural, discursive, metalinguistic, and paralinguistic 
resources. The analysis revealed that English had the positive indexes of education, modernity, 
high social class, professionalism, and the negative indexes of ambiguity, complexity, and fake 
sophistication. ECA was indexical of ease of communication, belonging, normality, solidarity, 
and informality. Standard Arabic was indexical of authority, scholarly discussion, education, 
religion, and the mixed indexes of formality and gravity. Both host and guests displayed degrees 
of awareness of the indexes of all three codes and used them to identify as sophisticated and 
educated professionals, with a few unsuccessful attempts that revealed a lack of linguistic 
competence. Attempts were made to provide translations to the English CS instances for the 
audience, but it was the host who asked for or provided translations more often. It was found that 
guests particularly prioritized enacting certain identities by using CS over being understood by 
either the host or audience. </subfield>
  </datafield>
  <datafield tag="520" ind1=" " ind2="3">
    <subfield code="a">&#x62A;&#x62A;&#x646;&#x627;&#x648;&#x644; &#x647;&#x630;&#x647; &#x627;&#x644;&#x62F;&#x631;&#x627;&#x633;&#x629; &#x627;&#x644;&#x62A;&#x646;&#x627;&#x648;&#x628; &#x627;&#x644;&#x644;&#x63A;&#x648;&#x64A; &#x628;&#x648;&#x635;&#x641;&#x647; &#x623;&#x62F;&#x627;&#x629; &#x644;&#x62A;&#x62C;&#x633;&#x64A;&#x62F; &#x627;&#x644;&#x647;&#x648;&#x64A;&#x629; &#x648;&#x62A;&#x62D;&#x62F;&#x64A;&#x62F; &#x627;&#x644;&#x645;&#x648;&#x642;&#x641; &#x641;&#x64A; &#x627;&#x644;&#x62E;&#x637;&#x627;&#x628; &#x627;&#x644;&#x645;&#x631;&#x62A;&#x62C;&#x644; &#x644;&#x644;&#x645;&#x635;&#x631;&#x64A;&#x64A;&#x646; &#x641;&#x64A; &#x627;&#x644;&#x628;&#x631;&#x646;&#x627;&#x645;&#x62C; &#x627;&#x644;&#x62D;&#x648;&#x627;&#x631;&#x64A; &#x647;&#x650;&#x64A;&#x651;&#x627; &#x648;&#x628;&#x633;. &#x627;&#x633;&#x62A;&#x646;&#x62F; &#x627;&#x644;&#x62A;&#x62D;&#x644;&#x64A;&#x644; &#x625;&#x644;&#x649; &#x646;&#x638;&#x631;&#x64A;&#x629; &#x627;&#x644;&#x645;&#x624;&#x634;&#x631;&#x64A;&#x629; &#x627;&#x644;&#x644;&#x63A;&#x648;&#x64A;&#x629; (&#x633;&#x64A;&#x644;&#x641;&#x631;&#x633;&#x62A;&#x627;&#x64A;&#x646;&#x60C; 2003) &#x648;&#x646;&#x645;&#x648;&#x630;&#x62C; &#x645;&#x62B;&#x644;&#x62B; &#x627;&#x644;&#x645;&#x648;&#x642;&#x641; (&#x62F;&#x648; &#x628;&#x648;&#x627;&#x60C; 2007)&#x60C; &#x644;&#x644;&#x643;&#x634;&#x641; &#x639;&#x646; &#x645;&#x624;&#x634;&#x631;&#x627;&#x62A; &#x627;&#x644;&#x644;&#x63A;&#x629; &#x627;&#x644;&#x625;&#x646;&#x62C;&#x644;&#x64A;&#x632;&#x64A;&#x629; &#x648;&#x627;&#x644;&#x639;&#x631;&#x628;&#x64A;&#x629; &#x627;&#x644;&#x641;&#x635;&#x62D;&#x649; &#x648;&#x627;&#x644;&#x645;&#x635;&#x631;&#x64A;&#x629; &#x627;&#x644;&#x639;&#x627;&#x645;&#x64A;&#x629; &#x648;&#x62F;&#x644;&#x627;&#x644;&#x627;&#x62A;&#x647;&#x627; &#x627;&#x644;&#x62E;&#x627;&#x635;&#x629; &#x628;&#x627;&#x644;&#x647;&#x648;&#x64A;&#x629; &#x641;&#x64A; &#x62A;&#x641;&#x627;&#x639;&#x644; &#x627;&#x644;&#x645;&#x630;&#x64A;&#x639;&#x629; &#x648;&#x627;&#x644;&#x636;&#x64A;&#x648;&#x641;. &#x623;&#x638;&#x647;&#x631;&#x62A; &#x627;&#x644;&#x646;&#x62A;&#x627;&#x626;&#x62C; &#x623;&#x646; &#x627;&#x644;&#x625;&#x646;&#x62C;&#x644;&#x64A;&#x632;&#x64A;&#x629; &#x627;&#x631;&#x62A;&#x628;&#x637;&#x62A; &#x628;&#x645;&#x624;&#x634;&#x631;&#x627;&#x62A; &#x625;&#x64A;&#x62C;&#x627;&#x628;&#x64A;&#x629; &#x645;&#x62B;&#x644; &#x627;&#x644;&#x62A;&#x639;&#x644;&#x64A;&#x645; &#x648;&#x627;&#x644;&#x62D;&#x62F;&#x627;&#x62B;&#x629; &#x648;&#x627;&#x644;&#x631;&#x642;&#x64A; &#x648;&#x627;&#x644;&#x627;&#x62D;&#x62A;&#x631;&#x627;&#x641;&#x64A;&#x629;&#x60C; &#x648;&#x623;&#x62E;&#x631;&#x649; &#x633;&#x644;&#x628;&#x64A;&#x629; &#x643;&#x627;&#x644;&#x63A;&#x645;&#x648;&#x636; &#x648;&#x627;&#x644;&#x62A;&#x623;&#x646;&#x651;&#x642; &#x627;&#x644;&#x645;&#x635;&#x637;&#x646;&#x639;. &#x623;&#x645;&#x627; &#x627;&#x644;&#x639;&#x627;&#x645;&#x64A;&#x629; &#x627;&#x644;&#x645;&#x635;&#x631;&#x64A;&#x629; &#x641;&#x62F;&#x644;&#x651;&#x62A; &#x639;&#x644;&#x649; &#x627;&#x644;&#x627;&#x646;&#x62A;&#x645;&#x627;&#x621; &#x648;&#x627;&#x644;&#x639;&#x641;&#x648;&#x64A;&#x629; &#x648;&#x633;&#x647;&#x648;&#x644;&#x629; &#x627;&#x644;&#x62A;&#x648;&#x627;&#x635;&#x644;&#x60C; &#x641;&#x64A; &#x62D;&#x64A;&#x646; &#x627;&#x631;&#x62A;&#x628;&#x637;&#x62A; &#x627;&#x644;&#x641;&#x635;&#x62D;&#x649; &#x628;&#x627;&#x644;&#x633;&#x64F;&#x644;&#x637;&#x629; &#x648;&#x627;&#x644;&#x62A;&#x639;&#x644;&#x64A;&#x645; &#x648;&#x627;&#x644;&#x62F;&#x64A;&#x646; &#x648;&#x627;&#x644;&#x62C;&#x62F;&#x64A;&#x629;. &#x643;&#x645;&#x627; &#x62A;&#x628;&#x64A;&#x651;&#x646; &#x623;&#x646; &#x627;&#x644;&#x645;&#x634;&#x627;&#x631;&#x643;&#x64A;&#x646; &#x648;&#x638;&#x651;&#x641;&#x648;&#x627; &#x627;&#x644;&#x623;&#x643;&#x648;&#x627;&#x62F; &#x627;&#x644;&#x644;&#x63A;&#x648;&#x64A;&#x629; &#x627;&#x644;&#x62B;&#x644;&#x627;&#x62B;&#x629; &#x628;&#x637;&#x631;&#x64A;&#x642;&#x629; &#x62A;&#x62F;&#x644; &#x639;&#x644;&#x649; &#x648;&#x639;&#x64A;&#x647;&#x645; &#x627;&#x644;&#x646;&#x633;&#x628;&#x64A; &#x628;&#x627;&#x644;&#x645;&#x624;&#x634;&#x631;&#x627;&#x62A; &#x627;&#x644;&#x645;&#x631;&#x62A;&#x628;&#x637;&#x629; &#x628;&#x627;&#x644;&#x623;&#x643;&#x648;&#x627;&#x62F; &#x648;&#x630;&#x644;&#x643; &#x644;&#x62A;&#x623;&#x643;&#x64A;&#x62F; &#x647;&#x648;&#x64A;&#x627;&#x62A;&#x647;&#x645; &#x627;&#x644;&#x645;&#x647;&#x646;&#x64A;&#x629; &#x648;&#x627;&#x644;&#x62B;&#x642;&#x627;&#x641;&#x64A;&#x629;&#x60C; &#x645;&#x639; &#x628;&#x631;&#x648;&#x632; &#x645;&#x62D;&#x627;&#x648;&#x644;&#x627;&#x62A; &#x63A;&#x64A;&#x631; &#x646;&#x627;&#x62C;&#x62D;&#x629; &#x644;&#x62A;&#x631;&#x62C;&#x645;&#x629; &#x627;&#x644;&#x645;&#x641;&#x631;&#x62F;&#x627;&#x62A; &#x627;&#x644;&#x625;&#x646;&#x62C;&#x644;&#x64A;&#x632;&#x64A;&#x629; &#x625;&#x644;&#x649; &#x627;&#x644;&#x639;&#x631;&#x628;&#x64A;&#x629;&#x60C; &#x645;&#x627; &#x623;&#x638;&#x647;&#x631; &#x62A;&#x641;&#x627;&#x648;&#x62A; &#x627;&#x644;&#x643;&#x641;&#x627;&#x621;&#x629; &#x627;&#x644;&#x644;&#x63A;&#x648;&#x64A;&#x629;. &#x643;&#x630;&#x644;&#x643; &#x644;&#x648;&#x62D;&#x638;&#x62A; &#x645;&#x628;&#x627;&#x62F;&#x631;&#x627;&#x62A; &#x645;&#x646; &#x627;&#x644;&#x645;&#x630;&#x64A;&#x639;&#x629; &#x644;&#x62A;&#x631;&#x62C;&#x645;&#x629; &#x628;&#x639;&#x636; &#x627;&#x644;&#x645;&#x642;&#x627;&#x637;&#x639; &#x625;&#x644;&#x649; &#x627;&#x644;&#x625;&#x646;&#x62C;&#x644;&#x64A;&#x632;&#x64A;&#x629; &#x644;&#x644;&#x62C;&#x645;&#x647;&#x648;&#x631;. &#x648;&#x62A;&#x634;&#x64A;&#x631; &#x627;&#x644;&#x62F;&#x631;&#x627;&#x633;&#x629; &#x625;&#x644;&#x649; &#x623;&#x646; &#x62A;&#x62C;&#x633;&#x64A;&#x62F; &#x627;&#x644;&#x647;&#x648;&#x64A;&#x629; &#x648;&#x62A;&#x623;&#x643;&#x64A;&#x62F; &#x627;&#x644;&#x645;&#x643;&#x627;&#x646;&#x629; &#x627;&#x644;&#x627;&#x62C;&#x62A;&#x645;&#x627;&#x639;&#x64A;&#x629; &#x642;&#x62F; &#x641;&#x627;&#x642;&#x627; &#x641;&#x64A; &#x623;&#x647;&#x645;&#x64A;&#x62A;&#x647;&#x645;&#x627; &#x648;&#x636;&#x648;&#x62D; &#x627;&#x644;&#x62A;&#x648;&#x627;&#x635;&#x644; &#x641;&#x64A; &#x639;&#x62F;&#x62F; &#x645;&#x646; &#x627;&#x644;&#x645;&#x648;&#x627;&#x642;&#x641;&#x60C; &#x645;&#x645;&#x627; &#x64A;&#x628;&#x631;&#x632; &#x627;&#x644;&#x62F;&#x648;&#x631; &#x627;&#x644;&#x62A;&#x62F;&#x627;&#x648;&#x644;&#x64A; &#x644;&#x644;&#x62A;&#x646;&#x627;&#x648;&#x628; &#x627;&#x644;&#x644;&#x63A;&#x648;&#x64A; &#x641;&#x64A; &#x628;&#x646;&#x627;&#x621; &#x627;&#x644;&#x647;&#x648;&#x64A;&#x629; &#x627;&#x644;&#x62E;&#x637;&#x627;&#x628;&#x64A;&#x629; &#x644;&#x62F;&#x649; &#x627;&#x644;&#x645;&#x62A;&#x62D;&#x62F;&#x62B;&#x64A;&#x646; &#x627;&#x644;&#x645;&#x635;&#x631;&#x64A;&#x64A;&#x646;.</subfield>
  </datafield>
  <datafield tag="530" ind1=" " ind2=" ">
    <subfield code="a">Issues also as CD.</subfield>
  </datafield>
  <datafield tag="546" ind1=" " ind2=" ">
    <subfield code="a">Text in English and abstract in Arabic &amp; English.</subfield>
  </datafield>
  <datafield tag="650" ind1=" " ind2="0">
    <subfield code="a">English Language and Literature </subfield>
  </datafield>
  <datafield tag="650" ind1=" " ind2="0">
    <subfield code="a">&#x627;&#x644;&#x644;&#x63A;&#x629; &#x627;&#x644;&#x627;&#x646;&#x62C;&#x644;&#x64A;&#x632;&#x64A;&#x629; &#x648;&#x622;&#x62F;&#x627;&#x628;&#x647;&#x627;</subfield>
  </datafield>
  <datafield tag="653" ind1=" " ind2="1">
    <subfield code="a">code-switching</subfield>
    <subfield code="a">identity</subfield>
    <subfield code="a">indexicality</subfield>
    <subfield code="a">positioning</subfield>
    <subfield code="a">stance</subfield>
    <subfield code="a">&#x627;&#x644;&#x62A;&#x646;&#x627;&#x648;&#x628; &#x627;&#x644;&#x644;&#x63A;&#x648;&#x64A; </subfield>
    <subfield code="a">&#x62A;&#x645;&#x62B;&#x64A;&#x644; &#x627;&#x644;&#x647;&#x648;&#x64A;&#x629;</subfield>
  </datafield>
  <datafield tag="700" ind1="0" ind2=" ">
    <subfield code="a">Amira Agameya</subfield>
    <subfield code="e">thesis advisor.</subfield>
  </datafield>
  <datafield tag="900" ind1=" " ind2=" ">
    <subfield code="b">01-01-2025</subfield>
    <subfield code="c">Amira Agameya</subfield>
    <subfield code="U">Cairo University</subfield>
    <subfield code="F">Faculty of Arts</subfield>
    <subfield code="D">Department of English Language and Literature </subfield>
  </datafield>
  <datafield tag="905" ind1=" " ind2=" ">
    <subfield code="a">Shimaa</subfield>
    <subfield code="e">Eman Ghareb</subfield>
  </datafield>
  <datafield tag="942" ind1=" " ind2=" ">
    <subfield code="2">ddc</subfield>
    <subfield code="c">TH</subfield>
    <subfield code="e">21</subfield>
    <subfield code="n">0</subfield>
  </datafield>
  <datafield tag="999" ind1=" " ind2=" ">
    <subfield code="c">179277</subfield>
  </datafield>
  <datafield tag="952" ind1=" " ind2=" ">
    <subfield code="2">ddc</subfield>
    <subfield code="9">316240</subfield>
    <subfield code="a">CUCL</subfield>
    <subfield code="b">cl210</subfield>
    <subfield code="d">2026-04-07</subfield>
    <subfield code="i">93687</subfield>
    <subfield code="o">Cai01.02.12.M.A.2025.Ma.C</subfield>
    <subfield code="p">01010110093687000</subfield>
    <subfield code="r">2026-04-07 13:31:44</subfield>
    <subfield code="w">2026-04-07</subfield>
    <subfield code="y">TH</subfield>
  </datafield>
</record>
